Biotransformation of Waste Materials into Value-added Products by Yarrowia lipolytica

Salvato in:
Dettagli Bibliografici
Autore principale: Skuratov, Aleksandr (Autore)
Altri autori: Gajdoš, Peter (Relatore della tesi)
Natura: Manoscritto Libro
Lingua:slovacco
inglese
Pubblicazione: 2024
Soggetti:
Accesso online:http://is.stuba.sk/zp/portal_zp.pl?podrobnosti=176673
Tags: Aggiungi Tag
Nessun Tag, puoi essere il primo ad aggiungerne!!

MARC

LEADER 00000ntm a22000003a 4500
001 stuzp99324
003 SK-STU
005 20240601210623.7
007 ta
008 150427s2015----xo-----f-mn---000-0-slo-d
040 |a STU  |b slo 
041 0 |a eng 
100 1 |a Skuratov, Aleksandr  |u 044000  |4 aut  |U FCHPT Fakulta chemickej a potravinárskej technológie  |T FCHPT Ústav biotechnológie  |X 121766  |U C4000  |Y 102  |7 121766 
242 0 1 |a Biotransformácia odpadových materiálov na produkty s pridanou hodnotou pomocou Yarrowia lipolytica  |y slo 
245 1 0 |a Biotransformation of Waste Materials into Value-added Products by Yarrowia lipolytica 
260 |c 2024 
650 4 |a waste cooking oil  |2 slo 
650 4 |a cultivation  |2 slo 
650 4 |a glycerol  |2 slo 
650 4 |a Yarrowia lipolytica  |2 slo 
650 4 |a Yarrowia lipolytica  |2 eng 
650 4 |a cultivation  |2 eng 
650 4 |a glycerol  |2 eng 
650 4 |a waste cooking oil  |2 eng 
700 1 |a Gajdoš, Peter  |u 044000  |k Z1  |4 ths  |U FCHPT Fakulta chemickej a potravinárskej technológie  |T FCHPT Ústav biotechnológie  |X 40394  |U C4000  |Y 102  |7 A000040394 
856 4 |u http://is.stuba.sk/zp/portal_zp.pl?podrobnosti=176673